MDQL
is popping MORE tags! Check the
thread
!
Quizzes
Events
Quiz Creation
Community
Videos
Private Events
Remove Ads
Sign In
Join for FREE
Feedback
Dark Mode
Quiz Categories
Sports
Geography
Music
Movies
Television
Just For Fun
Miscellaneous
History
Literature
Language
Science
Gaming
Entertainment
Religion
Holiday
For Kids
Quiz Lab
Recent
Popular Today
Quiz Kudos Today
Editor Picks
Curator Picks
Quizzes by...
Day
Popularity
Type
Ratings
Length
Year
Community
Subscriptions
Recent Discussions
Orange Saloon
Badges
Playlists
Quests
Create
Leaderboards
Showdown
Live 5
Trivia Bingo
Activity
Puzzle Library
Sporcle Events
Private Events
Virtual Trivia
Globe League
Become a Host
Pub Owners
SporcleCon
Opinionation
Our Games
Videos
Blog
Mobile Apps
Partnerships
Remove Ads and Go Orange
Feedback
Music
Pop Music
The Beatles
Song
Album
Lyrics
Bands
Singers
Artist
Clip
Rock
Rap
Classical
Billboard
Country Music
Kpop
Taylor Swift
Music
Pop Music
The Beatles
Song
Album
Lyrics
Bands
Singers
Artist
Clip
Rock
Rap
Classical
Billboard
Country Music
Kpop
Taylor Swift
Random Quiz
Search Sporcle
×
Quiz Lab
Quiz Lab
Music
Kpop
Type in answers that appear in a list
Type in answers that appear in a list
Classic
Best Score? Go Orange.
Kpop Record Labels Stats
Name the Kpop Record Label by Group.
By
masamuneNL
15m
131 Questions
423 Plays
423 Plays
423 Plays
Comments
Comments
Give Quiz Kudos
Give Quiz Kudos
-
- Ratings
hide this ad
Replay
Link that replays current quiz
Next Quiz
Link to next quiz in quiz playlist
You Got
0%
They Got
Avg Score
14%
Avg Friend Score
Upgrade to see
Score Distribution
Jump to the score distribution portion of the page
Score
0/131
Timer
15:00
0
Plays Today
Kpop Group
Record Label
% Correct
Super Junior
SM Entertainment
96.5%
GOT7
JYP Entertainment
93.9%
Big Bang
YG Entertainment
93.1%
4minute
Cube Entertainment
87.7%
BTS
Big Hit Entertainment
74.7%
SISTAR
Starship Entertainment
71.2%
After School
Pledis Entertainment
70.7%
CNBLUE
FNC Entertainment
64.5%
VIXX
Jellyfish Entertainment
61.9%
Secret
TS Entertainment
55.3%
APink
A Cube Entertainment
54.4%
INFINITE
Woollim Entertainment
50.4%
TEEN TOP
TOP Media
48.5%
HISTORY
LOEN Entertainment
46.8%
MBLAQ
J.Tune Camp
43.5%
ZE:A
Star Empire Entertainment
40%
Block B
Seven Seasons
38.5%
KARA
DSP Media
37.6%
Brave Girls
Brave Entertainment
35.2%
T-
ara
MBK Entertainment
35%
B1A4
WM Entertainment
33.3%
Topp Dogg
Stardom Entertainment
31%
JYJ
C-Jes Entertainment
28.8%
Girl's Day
Dream Tea Entertainment
28.6%
U-
KISS
NH Media
27.2%
SPICA
B2M Entertainment
25.3%
Dal Shabet
Happy Face Entertainment
23.2%
Brown Eyed Girls
Nega Network
23.2%
Crayon Pop
Chrome Entertainment
22.9%
5urprise
Fantagio
22.5%
LADIES' CODE
Polaris Entertainment
22.5%
M.I.B
Jungle Entertainment
18.7%
Shinhwa
Shinhwa Company
18.7%
EXID
Yedang Entertainment
17.7%
Troy
Brand New
16.8%
G-
Friend
Source Music
15.1%
BESTie
YNB Entertainment
12.5%
Dynamic Duo
Amoeba Culture
11.8%
MAMAMOO
WA Entertainment
10.9%
24K
Choeun Entertainment
10.6%
MYNAME
H2 Media
10.6%
CROSS GENE
Amuse Korea
9.5%
LED Apple
Starkim Entertainment
8.5%
Skarf
Alpha Entertainment
8.3%
Kpop Group
Record Label
% Correct
Boys Republic
Universal Music
8.3%
B.I.G
GH Entertainment
8%
Supernova
Maroo Entertainment
7.6%
HIGH4
NAP Entertainment
7.3%
G.O.D
Sidus HQ
7.3%
Bay.B
Can Entertainment
6.9%
Timber
A&G
6.6%
BiGFLO
HO Entertainment
6.6%
AlphaBat
Simtong Entertainment
6.6%
D-
UNIT
D Business
6.4%
Taurine
KT Music
6.1%
Wonder Boyz
102 Entertainment
5.9%
Berry Good
Asia Bridge Entertainment
5.7%
Stellar
Top Class Entertainment
5.2%
N-
Train
Media Line
5%
DMTN
2Works Entertainment
4.7%
She'z
Line Entertainment
4.7%
LU:KUS
Pan Entertainment
4.7%
Mr. Mr.
Winning InSight
4.5%
BBde Girl
Bigstar Entertainment
4.3%
TAHITI
Dream Star Entertainment
4.3%
M.I.K
GA Entertainment
4.3%
BTL
Kiroy Entertainment
4.3%
A-
Prince
New Planet Entertainment
4.3%
PURE
Pure Entertainment
4.3%
Flashe
Flash Entertainment
4%
Tiny-
G
GNG Productions
4%
Play the Siren
BALJUNSO
3.8%
LEGEND
JK Space
3.8%
VIVID
Ntree Entertainment
3.8%
Wings
Sony Music Korea
3.8%
Royal Pirates
Apple of the Eye Company
3.5%
HALO
AYIN Holdings
3.5%
Blady
Star Planet
3.5%
BPPOP
BP Story Entertainment
3.3%
Delight
Bros Media
3.3%
Scarlet
Funny Collection Entertainment
3.3%
Queen B'Z
JS Entertainment
3.3%
Chocolat
Paramount Music
3.3%
Airplane
Plane Entertainment
3.3%
ZEST
Zenith Media
3.3%
Tren-
D
Baeksang Entertainment
3.1%
Sunny Days
Haeun Entertainment
3.1%
Bebop
HMI Entertainment
3.1%
Kpop Group
Record Label
% Correct
Honey G
Mafia Records
3.1%
DGNA
Poom Entertainment
3.1%
Purfles
Crescendo Music
2.8%
A.Kor
Doo Republic
2.8%
A.Cian
ISS Entertainment
2.8%
Lush
Oscar Entertainment
2.8%
Honey G
Chung Chun Music
2.6%
OFFROAS
Kairos Entertainment
2.6%
N*White
WJ Entertainment
2.6%
ODD EYE
Fair Music
2.4%
Egobomb
Sniper Sound
2.4%
Melody Day
Viewga Entertainment
2.4%
LODIA
ATC Records
2.1%
ESQ
Avance Entertainment
2.1%
ZPZG
J-Star Entertainment
2.1%
Purplay
Purplei Entertainment
2.1%
Pascol
Tip Top Entertainment
2.1%
Billion
Move Entertainment
1.9%
M.Pire
CMG Stars
1.7%
Say Yes
Music Factory
1.7%
GP Basic
Jacyhan International Company
1.4%
Four Ladies
Jade Contents Media
1.4%
ICONIZE
Nekki Entertainment
1.4%
Alice White
SMAF
1.4%
BIKINY
Star Factory
1.4%
Turan
Star Pro Entertainment
1.4%
JJCC
The Jackie Chan Group Korea
1.4%
Koyote
Trifecta Entertainment
1.4%
Kiss&Cry
Winning Insight M
1.4%
D.Holic
INGENIO Entertainment
1.2%
Atomic Kiz
Lydus Contents Company
1.2%
Lip Service
Now Entertainment
1.2%
JACE
Right Achievement Group
1.2%
F.CUZ
Tunes Will Entertainment
1.2%
Veloce
Krazy Sound
0.9%
EXCITE
Penta Entertainment
0.9%
Smile.G
Show Works Entertainment
0.9%
NewUs
Star Cubic Entertainment
0.9%
Switch
Switch Entertainment
0.9%
Chi Chi
Trophy Entertainment
0.9%
AA
Well Made Star Media
0.9%
NEVER MIND
Toeast Music
0.7%
TOXIC
Rainbow Bridge Agency
0.5%
Quiz Playlist
Details
Report
Send in Message
Add To Playlist
Classic:
Type in answers that appear in a list
Last Updated: Feb 16, 2017
Quiz Scoreboard
CHALLENGE
Sign Up to Join the Scoreboard
Show All
Scores
Hide
Comments
May contain spoilers
Recently Published
Image Sorting: Flags VI
by Barbecue
Geography
2m
Find the 'City' Movie
by crazypaving
Movies
60s
5x2 Blitz: Bands
by SL_Kpop136
Music
30s
More to Explore
Quiz From the Vault
Featured Blog Post
14 Easter Pick-up Lines to Find Eggs With
hide this ad
You Might Also Like...
Tags
Kpop Quiz
Korea
Korean
Kpop Quiz
Record Labels
South Korea
Today's Top Quizzes in Music
Browse Music
hide this ad
Today's Top Quizzes in Kpop
Browse Kpop
Top Contributed Quizzes in Music
1
5X2 Blitz: Bands II
2
5X2 Blitz: The Beatles
3
Taylor Swift All Songs (2024)
4
5X2 Blitz: Billboard
5
5X2 Blitz: Billboard II
6
5X2 Blitz: Album
7
Taylor Swift Logic Puzzle II
8
5X2 Blitz: Singers
9
5X2 Blitz: Rock
10
5X2 Blitz: Lyrics
Explore More
Trending Topics
Disney
NBA
Kpop
Marvel
Crossword
Anime
Harry Potter
NFL
WWE
Puzzle
Pokémon
Soccer
Country
The Office
Song
hide this ad
More By:
masamuneNL
Quiz
Plays
Rating
Category
Featured
Created
Name all Kpop Groups (222 Groups)
2,285
5.00
Music
Feb 21, 2015
Kpop Record Labels
423
Music
Feb 21, 2015
Kpop Fanclubs by Groupname
359
Music
Feb 21, 2015
Kpop Fanclub Colors By Groupname
350
Music
Feb 21, 2015
Match fanclubcolor with kpop group
245
4.50
Music
Feb 22, 2015
Go to Creator's Profile
Score Distribution
Quiz Creator Spotlight
masamuneNL
Follow
Send a Message
Quizzes Created
-
Created Quiz Play Count
-
More By This Creator
Popular Quizzes Today
1
Colored Red Africa Blitz
2
Find the US States - No Outlines Minefield
3
Find the 'City' Movie
4
5x2 Blitz: Bands
5
The Countries of the World
6
Find the US States
7
Find the Countries of Europe - No Outlines Minefield
8
US States
More Music Quizzes
Music Intervals II
Editor's Pick
Trending Quizzes
Colored Red Europe Blitz I
Colored Red Europe Blitz II
Colored Red Africa Blitz II
Colored Red Europe Blitz III
Colored Red Africa Blitz III
Recently Updated
How Do You Spell That?
pecheneg
Godzilla Movies
pecheneg
Grab Bag: 4-10 Letters
pecheneg
2024 March Madness Bracket
pecheneg
Famous TV Couples
Peacemaker
Champions League XIs: Real Madrid
pecheneg
Largest US Cities 1790-2010
pecheneg
Rides in Walt Disney World
pecheneg
Most Oscar Losses (Acting)
pecheneg
Beyoncé Albums
pecheneg
Trending Topics
Kpop
Disney
Anime
Harry Potter
Marvel
NBA
Crossword
WWE
NFL
Country
Soccer
The Office
Song
Puzzle
Pokémon
Your Account Isn't Verified!
In order to create a playlist on Sporcle, you need to verify the email address you used during registration. Go to your
Sporcle Settings
to finish the process.
Report this User
Report this user for behavior that violates our
Community Guidelines
.
Details:
Send Report
Go to the Sporcle.com Mobile Site →
Comments